000 00305nam a22001337a 4500
008 170418b xxu||||| |||| 00| 0 eng d
020 _a9780323051996
041 _aeng
080 _213TH
_a612.39
100 _a10
101 _aSHM
245 _aBASIC NUTRITION & DIET THERAPY
_cNIX, S
942 _2udc
_cBK
999 _c10915
_d10915